Welcome to the Holygrace Academy Library

Please use search bar below to get started

YOU CAN SELL (Record no. 8114)

MARC details
000 -LEADER
fixed length control field 00283nam a22001337a 4500
020 ## - INTERNATIONAL STANDARD BOOK NUMBER
ISBN 978-93-81686-51-1
082 ## - DEWEY DECIMAL CLASSIFICATION NUMBER
Classification number 158
Item number KHE/Y
100 ## - MAIN ENTRY--AUTHOR NAME
Personal name KHERA, SHIV
245 ## - TITLE STATEMENT
Title YOU CAN SELL
260 ## - PUBLICATION, DISTRIBUTION, ETC. (IMPRINT)
Place of publication CHENNAI
Name of publisher WESTLAND
Year of publication 2012
300 ## - PHYSICAL DESCRIPTION
Number of Pages 312
650 ## - SUBJECT ADDED ENTRY--TOPICAL TERM
Topical Term SELF HELP
Geographic subdivision INDIA
942 ## - ADDED ENTRY ELEMENTS (KOHA)
Koha item type Books
Holdings
Withdrawn status Lost status Collection code Home library Current library Shelving location Date acquired Source of acquisition Cost, normal purchase price Full call number Accession Number Koha item type
    Fiction Main Library Main Library SHELF-17H-PERSONALITY DEVELOPMENT BOOKS 04/07/2012 purchase 275.00 158 KHE/Y 06075 Books